00496nam a2200157 4500001000700000003000900007007000300016008004100019245007900060260002900139300002200168490003600190710004400226830003600270852003200306109775ES-MaACLt|061121s1982 sp r ||||1| spa d00aModernidad y ética cristiana / cInstituto Superior de Ciencias Morales. aMadrid : bP.S., c1982. a214 p. ; c22 cm.1 aEstudios de ética teológica2 aInstituto Superior de Ciencias Morales.0 aEstudios de ética teológica aES-MaACLjL-3876 bR.104893